[Event "Mondiale Lampo FIDE 2019"]
[Site "Mosca"]
[Date "31.15.03"]
[Round "4.3"]
[White "Kramnik, Vladimir"]
[Black "Dreev, Aleksey"]
[Result "1/2-1/2"]
[WhiteElo "2753"]
[BlackElo "2677"]
[PlyCount "95"]
[EventDate "2019.12.29"]

1. Nf3 d5 2. g3 c6 3. Bg2 Bg4 4. O-O e6 5. d3 Bd6 6. h3 Bh5 7. e4 Ne7 8. Qe1
O-O 9. Nc3 Nd7 10. Kh1 Re8 11. g4 Bg6 12. Nh4 dxe4 13. dxe4 e5 14. Be3 Bc5 15.
Rd1 Bxe3 16. Qxe3 Qc7 17. Nf5 Nf8 18. f4 exf4 19. Qxf4 Qxf4 20. Rxf4 Nc8 21.
Rf2 Nb6 22. b3 Ne6 23. Rfd2 h5 24. Kh2 a5 25. a4 hxg4 26. hxg4 Rad8 27. Kg3
Rxd2 28. Rxd2 Kf8 29. Ne2 Rd8 30. Rxd8+ Nxd8 31. Nf4 Bh7 32. Kf2 Nd7 33. Ke3
Ne6 34. Nxe6+ fxe6 35. Nd6 b6 36. g5 Ke7 37. Nc4 Bg6 38. Bh3 Bh5 39. Kd4 Bd1
40. Kc3 Bf3 41. Nd2 Be2 42. Kd4 Kd6 43. Ke3 Bd1 44. Nc4+ Ke7 45. Kd2 Bf3 46.
Ke3 Bd1 47. Kd2 Bf3 48. Ke3 1/2-1/2

[Event "Mondiale Lampo FIDE 2019"]
[Site "Mosca"]
[Date "31.15.03"]
[Round "5.3"]
[White "Karjakin, Sergey"]
[Black "Kramnik, Vladimir"]
[Result "1-0"]
[WhiteElo "2754"]
[BlackElo "2753"]
[PlyCount "113"]
[EventDate "2019.12.29"]

1. b3 e5 2. Bb2 Nc6 3. e3 g6 4. c4 Bg7 5. Nf3 Nge7 6. b4 d6 7. b5 Nb8 8. d4 O-O
9. Be2 e4 10. Nfd2 f5 11. Nc3 Nd7 12. a4 Nf6 13. Qc2 Be6 14. h4 Bf7 15. g3 c6
16. Ba3 Rc8 17. bxc6 bxc6 18. Rb1 h5 19. Kf1 Qd7 20. Kg2 Ng4 21. Rb2 c5 22.
dxc5 dxc5 23. Rhb1 f4 24. exf4 Nxf2 25. Ndxe4 Qh3+ 26. Kxf2 Nf5 27. Bf1 Qh2+
28. Ke1 Qg1 29. Qf2 Qh1 30. Qg2 Qxg2 31. Bxg2 Ne3 32. Bf1 Bxc4 33. Bxc4+ Nxc4
34. Ra2 Rfe8 35. Kf2 Nxa3 36. Rxa3 Rcd8 37. Kf1 Rd3 38. Nxc5 Rxg3 39. Nb5 Rg4
40. Rf3 Rxh4 41. Rbb3 Rh1+ 42. Kg2 Ree1 43. Rfe3 Reg1+ 44. Kf3 h4 45. Nd6 Rg3+
46. Ke4 Rg4 47. Ne6 Rd1 48. Rb7 Rxd6 49. Rxg7+ Kh8 50. Re7 Rg1 51. Ke5 Ra6 52.
Kf6 Rf1 53. Kg5 Rg1+ 54. Kh6 Kg8 55. Ng5 Rf6 56. Rg7+ Kf8 57. Nh7# 1-0

[Event "Mondiale Lampo FIDE 2019"]
[Site "Mosca"]
[Date "31.15.03"]
[Round "6.13"]
[White "Kramnik, Vladimir"]
[Black "Alonso Rosell, Alvar"]
[Result "1-0"]
[WhiteElo "2753"]
[BlackElo "2548"]
[PlyCount "57"]
[EventDate "2019.12.29"]

1. c4 c5 2. g3 Nc6 3. Bg2 g6 4. Nc3 Bg7 5. e3 e5 6. Nge2 Nge7 7. d3 d6 8. a3
Rb8 9. b4 Be6 10. Rb1 h5 11. Ne4 b6 12. N2c3 O-O 13. O-O f6 14. Nd5 cxb4 15.
axb4 b5 16. Nec3 a6 17. Ra1 bxc4 18. dxc4 Nxb4 19. Nxb4 Rxb4 20. Rxa6 Rxc4 21.
Rxd6 Qc8 22. Nb5 Bf7 23. Ba3 Nf5 24. Rd7 Re8 25. Rxf7 Kxf7 26. Bd5+ Re6 27. Qb3
Rcc6 28. Na7 Rb6 29. Qxb6 1-0

[Event "Mondiale Lampo FIDE 2019"]
[Site "Mosca"]
[Date "31.15.03"]
[Round "7.9"]
[White "Sargissian, Gabriel"]
[Black "Kramnik, Vladimir"]
[Result "1-0"]
[WhiteElo "2689"]
[BlackElo "2753"]
[PlyCount "115"]
[EventDate "2019.12.29"]

1. d4 Nf6 2. c4 e6 3. Nf3 d5 4. g3 dxc4 5. Bg2 Nbd7 6. a4 Bb4+ 7. Bd2 a5 8. O-O
O-O 9. Qc2 b6 10. Ng5 Ba6 11. Bxa8 Qxa8 12. Nc3 h6 13. Nf3 Bb7 14. Ne1 c5 15.
Nb5 Be4 16. Qc1 Bxd2 17. Qxd2 Rd8 18. f3 Bc6 19. Rd1 Nf8 20. Qc3 Nd5 21. Qc1
Bxb5 22. axb5 cxd4 23. Rxd4 c3 24. bxc3 Rc8 25. c4 e5 26. Rd1 Nf6 27. Qe3 Qb8
28. Nd3 N8d7 29. Rc1 Re8 30. Rfd1 e4 31. Nf4 exf3 32. Qxf3 Ne5 33. Qf2 Neg4 34.
Qd4 Qb7 35. c5 bxc5 36. Qxc5 Qe4 37. Qd4 Qe7 38. b6 a4 39. Qc5 Qb7 40. Qc6 Qe7
41. Qc5 Qe4 42. Qd4 Qe7 43. Rb1 a3 44. b7 a2 45. b8=Q Rxb8 46. Rxb8+ Kh7 47.
Ra8 Ne3 48. Rc1 Nfg4 49. Rxa2 g5 50. Qd3+ f5 51. Rac2 Nxc2 52. Qxf5+ Kg7 53.
Ne6+ Kh8 54. Rxc2 Qa7+ 55. Qc5 Qa1+ 56. Kg2 Qf6 57. Qd4 Qxd4 58. Nxd4 1-0

[Event "Mondiale Lampo FIDE 2019"]
[Site "Mosca"]
[Date "31.15.03"]
[Round "8.18"]
[White "Kramnik, Vladimir"]
[Black "Ivanisevic, Ivan"]
[Result "1-0"]
[WhiteElo "2753"]
[BlackElo "2593"]
[PlyCount "51"]
[EventDate "2019.12.29"]

1. d4 Nf6 2. Nf3 e6 3. e3 c5 4. Bd3 d6 5. O-O Nbd7 6. b3 g6 7. Bb2 Bg7 8. c4
O-O 9. Qe2 b6 10. Rd1 Bb7 11. Nc3 a6 12. h3 Qe7 13. a4 d5 14. a5 bxa5 15. Rxa5
Rfc8 16. Rda1 Qd8 17. cxd5 exd5 18. Bxa6 Bxa6 19. Rxa6 Rab8 20. Nb5 Ne4 21. Na7
cxd4 22. Nxd4 Ndc5 23. Nxc8 Nxa6 24. Nc6 Qc7 25. N8e7+ Kf8 26. Bxg7+ 1-0

[Event "Mondiale Lampo FIDE 2019"]
[Site "Mosca"]
[Date "31.15.03"]
[Round "9.10"]
[White "Savchenko, Boris"]
[Black "Kramnik, Vladimir"]
[Result "1-0"]
[WhiteElo "2577"]
[BlackElo "2753"]
[PlyCount "129"]
[EventDate "2019.12.29"]

1. e4 e5 2. Nf3 Nc6 3. Bc4 Bc5 4. c3 Nf6 5. d3 a6 6. Bb3 d6 7. Nbd2 O-O 8. h3
Be6 9. Nf1 Bxb3 10. axb3 d5 11. Qc2 Qd7 12. b4 dxe4 13. dxe4 Bxb4 14. cxb4 Nxb4
15. Qc4 Nd3+ 16. Ke2 Rfd8 17. Ng3 b5 18. Qc3 Nf4+ 19. Bxf4 exf4 20. Nf5 b4 21.
Qc4 Re8 22. N5d4 c5 23. Qxc5 Nxe4 24. Qc6 Ng3+ 25. Kd3 Qxc6 26. Nxc6 Nxh1 27.
Rxh1 a5 28. Nfd4 a4 29. Nxb4 a3 30. b3 Reb8 31. Nbc2 Rb6 32. Ra1 a2 33. Kc3 Rg6
34. Rg1 f3 35. g4 Rh6 36. Rh1 Rd6 37. Kb2 h5 38. gxh5 Rh6 39. Nxf3 Rxh5 40.
Nfd4 Rh4 41. b4 Rf4 42. f3 f6 43. b5 Kf7 44. Ra1 Rb8 45. Rxa2 g5 46. Ra7+ Kg6
47. Kc3 Rh4 48. Kc4 Rxh3 49. Nc6 Rc8 50. N2d4 Rh1 51. b6 Rc1+ 52. Kd5 Re8 53.
b7 Rb1 54. Ra8 Re3 55. b8=Q Rxb8 56. Rxb8 Ra3 57. Ne7+ Kf7 58. Nef5 Ra5+ 59.
Rb5 Ra7 60. Ke4 Kg6 61. Ke3 Ra3+ 62. Kf2 Rd3 63. Rb7 Rd1 64. Rg7+ Kh5 65. Ng3+
1-0

[Event "Mondiale Lampo FIDE 2019"]
[Site "Mosca"]
[Date "31.15.03"]
[Round "10.19"]
[White "Kramnik, Vladimir"]
[Black "Sakaev, Konstantin"]
[Result "1/2-1/2"]
[WhiteElo "2753"]
[BlackElo "2596"]
[PlyCount "104"]
[EventDate "2019.12.29"]

1. c4 c6 2. Nf3 d5 3. g3 Nf6 4. Bg2 Bf5 5. cxd5 cxd5 6. Qb3 Qb6 7. Nc3 e6 8.
Qxb6 axb6 9. Nb5 Ra5 10. Nfd4 Nc6 11. d3 Bb4+ 12. Bd2 Bxd2+ 13. Kxd2 Kd7 14. a4
Bg6 15. f4 Rc8 16. Nf3 Ne8 17. Rhc1 Nd6 18. b4 Raa8 19. Nxd6 Kxd6 20. Rcb1 f6
21. Bh3 Ra7 22. b5 Nd8 23. Nd4 Bf7 24. Rb2 g6 25. Rba2 Rc7 26. a5 Rxa5 27. Rxa5
bxa5 28. Rxa5 Rc8 29. Ra7 Be8 30. b6 Bd7 31. Nb3 Kc6 32. Ra2 Kxb6 33. Rb2 Kc6
34. e4 dxe4 35. dxe4 Kd6 36. Na5 Rc7 37. Rb6+ Ke7 38. Bf1 Bc6 39. Bd3 Rd7 40.
Ke3 Rc7 41. Nc4 Bd7 42. e5 fxe5 43. Nxe5 Nf7 44. Nc4 Bc6 45. Nd2 Nd6 46. g4 Bd5
47. Rb1 Rc3 48. Kd4 Ra3 49. h4 Ra4+ 50. Ke3 Ra3 51. Kd4 Ra4+ 52. Ke3 Ra3
1/2-1/2

[Event "Mondiale Lampo FIDE 2019"]
[Site "Mosca"]
[Date "31.15.03"]
[Round "13.10"]
[White "Petrosyan, Manuel"]
[Black "Kramnik, Vladimir"]
[Result "0-1"]
[WhiteElo "2613"]
[BlackElo "2753"]
[PlyCount "90"]
[EventDate "2019.12.29"]

1. c4 e6 2. Nc3 d5 3. d4 Nf6 4. cxd5 exd5 5. Bg5 c6 6. e3 Bd6 7. Bd3 O-O 8. Qc2
h6 9. Bh4 Re8 10. Nge2 Nbd7 11. h3 Nf8 12. O-O-O a5 13. g4 b5 14. g5 Nh5 15.
Rdg1 b4 16. Na4 Ba6 17. Bxa6 Rxa6 18. Ng3 Bxg3 19. Bxg3 hxg5 20. Qe2 Nxg3 21.
Rxg3 Ra7 22. Rhg1 Ne6 23. Qf3 Qf6 24. Qxf6 gxf6 25. h4 Kf8 26. Kd2 Ke7 27. Nc5
gxh4 28. Rg4 Nxc5 29. dxc5 Rh8 30. Rh1 Rb7 31. Rhxh4 Rxh4 32. Rxh4 Rb5 33. Rh8
Rxc5 34. Ra8 f5 35. b3 f4 36. exf4 Ke6 37. Kd3 Kf5 38. Kd4 Rc1 39. Rxa5 Kxf4
40. Ra7 f5 41. Rf7 Rc2 42. Rf6 Rxa2 43. Kd3 Rxf2 44. Rxc6 Rb2 45. Kd4 Rd2+ 0-1

[Event "Mondiale Lampo FIDE 2019"]
[Site "Mosca"]
[Date "31.15.03"]
[Round "18.1"]
[White "Carlsen, Magnus"]
[Black "Kramnik, Vladimir"]
[Result "1-0"]
[WhiteElo "2872"]
[BlackElo "2753"]
[PlyCount "82"]
[EventDate "2019.12.29"]

1. d4 Nf6 2. Nf3 d5 3. Bf4 c5 4. e3 Nc6 5. Nbd2 cxd4 6. exd4 Qb6 7. Nb3 Bf5 8.
Be2 e6 9. O-O Be7 10. a4 a6 11. a5 Qd8 12. Ne5 Rc8 13. c3 O-O 14. Re1 Ne4 15.
Bd3 Nxe5 16. Bxe5 Bg6 17. Bf4 Nd6 18. Bxg6 hxg6 19. Bxd6 Bxd6 20. g3 b5 21.
axb6 Qxb6 22. Re2 Rb8 23. Nc1 a5 24. Nd3 Qb5 25. h4 Rfc8 26. Rd2 Ra8 27. h5
gxh5 28. Qxh5 g6 29. Qh6 a4 30. Kg2 Bf8 31. Qf4 Bg7 32. Ne5 Qe8 33. Rd3 f6 34.
Ng4 Qf8 35. Rf3 a3 36. bxa3 f5 37. Qg5 Kf7 38. Rh1 Rxa3 39. Rh7 Rcxc3 40. Nh6+
Ke8 41. Qxg6+ Kd8 1-0

[Event "Mondiale Lampo FIDE 2019"]
[Site "Mosca"]
[Date "31.15.03"]
[Round "19.3"]
[White "Kramnik, Vladimir"]
[Black "Yu, Yangyi"]
[Result "1-0"]
[WhiteElo "2753"]
[BlackElo "2738"]
[PlyCount "81"]
[EventDate "2019.12.29"]

1. Nf3 Nf6 2. g3 g6 3. b4 e6 4. a3 b6 5. Bg2 Bb7 6. Bb2 Bg7 7. c4 O-O 8. O-O d6
9. d4 Nbd7 10. Nc3 Qe7 11. d5 e5 12. Nd2 h5 13. Nb3 Ng4 14. h3 Nh6 15. a4 h4
16. e4 a5 17. bxa5 bxa5 18. Nb5 Rfc8 19. Qd2 Nc5 20. Nxa5 Ba6 21. Nc6 Qe8 22.
Qg5 f6 23. Qe3 Nf7 24. a5 Bh6 25. f4 Kg7 26. Qf3 exf4 27. gxf4 Rab8 28. Nxb8
Rxb8 29. Nxc7 Qc8 30. Nb5 Bxb5 31. cxb5 Rxb5 32. Qc3 Qd8 33. a6 Rb8 34. a7 Ra8
35. Kh1 g5 36. e5 fxe5 37. fxe5 Nxe5 38. Qf3 Qe7 39. Bxe5+ Qxe5 40. Qf7+ Kh8
41. Rab1 1-0

[Event "Mondiale Lampo FIDE 2019"]
[Site "Mosca"]
[Date "31.15.03"]
[Round "21.3"]
[White "Vachier-Lagrave, Maxime"]
[Black "Kramnik, Vladimir"]
[Result "1/2-1/2"]
[WhiteElo "2780"]
[BlackElo "2753"]
[PlyCount "88"]
[EventDate "2019.12.29"]

1. e4 e5 2. Nf3 Nc6 3. Bc4 Bc5 4. c3 Nf6 5. d3 d6 6. O-O a6 7. a4 h6 8. Re1 O-O
9. h3 Ba7 10. Nbd2 Be6 11. Bxe6 fxe6 12. b4 Nh5 13. Nf1 Qf6 14. Ra2 Nf4 15.
Bxf4 Qxf4 16. Ne3 Ne7 17. Nh2 Qf7 18. g3 Rad8 19. Kg2 d5 20. Neg4 Ng6 21. Nf3
c5 22. bxc5 Qc7 23. d4 dxe4 24. Nfxe5 Nxe5 25. Nxe5 Bxc5 26. Rxe4 Bd6 27. Qg4
Bxe5 28. Qxe6+ Kh8 29. Qxe5 Qxc3 30. Rae2 Qf3+ 31. Kh2 Rc8 32. Rg4 Rf7 33. Qe4
Qxe4 34. Rgxe4 Rc4 35. a5 Ra4 36. Re5 Rxd4 37. Rb2 Rfd7 38. Kg2 R4d5 39. Rxb7
Rxe5 40. Rxd7 Rxa5 41. Ra7 Ra3 42. g4 a5 43. f3 a4 44. Kg3 g5 1/2-1/2